Central Library OPAC University of Rajshahi

ইন্ডিয়া উইলস ফ্রিডম / (Record no. 74149)

MARC details
000 -LEADER
fixed length control field 01102nam a2200253 a 4500
001 - CONTROL NUMBER
control field 74149
003 - CONTROL NUMBER IDENTIFIER
rucl marc code BD-RjUL
005 - DATE AND TIME OF LATEST TRANSACTION
control field 20211209082513.0
008 - FIXED-LENGTH DATA ELEMENTS--GENERAL INFORMATION
fixed length control field 180308s2017 bg ||||| |||| 000 0 ben d
020 ## - INTERNATIONAL STANDARD BOOK NUMBER
International Standard Book Number 9847016300246
Terms of availability Tk. 400.00
035 ## - SYSTEM CONTROL NUMBER
System control number (BD-RjUL)74367
040 ## - CATALOGING SOURCE
Original cataloging agency BD-RjUL
Language of cataloging eng
Transcribing agency BD-RjUL
041 ## - LANGUAGE CODE
Language code of text/sound track or separate title ben
082 ## - DEWEY DECIMAL CLASSIFICATION NUMBER
Edition number 23
Classification number 954.035
Author mark and year AZI 2017
100 1# - MAIN ENTRY--PERSONAL NAME
Personal name আজাদ, আবুল কালাম
9 (RLIN) 220452
245 10 - TITLE STATEMENT
Title ইন্ডিয়া উইলস ফ্রিডম /
Statement of responsibility, etc. আবুল কালাম আজাদ ; অনুবাদ , সুভাষ মুখোপাধ্যায়
250 ## - EDITION STATEMENT
Edition statement পূূর্নঙ্গ সংস্করণ
260 ## - PUBLICATION, DISTRIBUTION, ETC. (IMPRINT)
Place of publication, distribution, etc. ঢাকা :
Name of publisher, distributor, etc. রাবেয়া বুকস ,
Date of publication, distribution, etc. ২০১৭
300 ## - PHYSICAL DESCRIPTION
Pagination ২৭০ পৃ. ;
Size ২২ সেমি.
650 ## - SUBJECT ADDED ENTRY--TOPICAL TERM
Topical term or geographic name as entry element জাতীয়তাবাদ
Geographic subdivision ভারত
Form subdivision ইতিহাস
Chronological subdivision ২০ শতাব্দী
9 (RLIN) 220453
Topical term or geographic name as entry element Nationalism
Geographic subdivision India
Form subdivision History
Chronological subdivision 20 th Century
9 (RLIN) 220454
651 ## - SUBJECT ADDED ENTRY--GEOGRAPHIC NAME
Geographic name India
Form subdivision History
Chronological subdivision 20 th Century
General subdivision Personal Narratives
9 (RLIN) 220455
942 ## - ADDED ENTRY ELEMENTS (KOHA)
Source of classification or shelving scheme Dewey Decimal Classification
Koha item type Books
Holdings
Lost status Source of classification or shelving scheme Damaged status Not for loan Collection code Permanent Location Current Location Shelving location Date acquired Source of acquisition Cost, normal purchase price Total Checkouts Full call number Date last seen Copy number Koha item type Total Renewals Date checked out
  Dewey Decimal Classification   Not For Loan Non-fiction Central Library, University of Rajshahi Central Library, University of Rajshahi Reading Room 15/03/2017 Rajshahi Vidyasagar 400.00   B 954.035 AZI 2017 08/03/2018 C-1 Books    
  Dewey Decimal Classification     Non-fiction Central Library, University of Rajshahi Central Library, University of Rajshahi   15/03/2017 Rajshahi Vidyasagar 400.00 20 B 954.035 AZI 2017 28/04/2024 C-2 Books 1 17/04/2024
  Dewey Decimal Classification     Non-fiction Central Library, University of Rajshahi Central Library, University of Rajshahi   15/03/2017 Rajshahi Vidyasagar 400.00 12 B 954.035 AZI 2017 12/06/2022 C-3 Books 1 22/05/2022